Gaming Quiz

Random Gaming or Bands Quiz

The Beatles: Rock Band Songs Quiz Stats

 Plays Quiz Updated Dec 12, 2019

Support Sporcle.
Go Orange.
Score 0/44 Timer 09:00
1 Play Today
Album Song % Correct
A Hard Day's NightA Hard Day's Night
76.1%
RevolverYellow Submarine
74.3%
Sgt. Pepper'sSgt. Pepper's Lonely Hearts Club Band / With a Little Help from My Friends
56.9%
Abbey RoadCome Together
50.1%
SingleI Want to Hold Your Hand
48.4%
Magical Mystery TourI Am the Walrus
47.5%
Sgt. Pepper'sLucy in the Sky with Diamonds
47%
SingleRevolution
44.9%
The White AlbumBack in the U.S.S.R.
43.1%
Abbey RoadHere Comes the Sun
42.4%
Please Please MeTwist and Shout
40.7%
Let it BeGet Back
39.2%
The White AlbumHelter Skelter
38.9%
The White AlbumWhile My Guitar Gently Weeps
37.5%
Abbey RoadSomething
37%
Beatles for SaleEight Days a Week
35.8%
RevolverTaxman
35.5%
Magical Mystery TourHello Goodbye
33.7%
A Hard Day's NightCan't Buy Me Love
32.9%
SinglePaperback Writer
32.9%
Rubber SoulDrive My Car
32.3%
Help!Ticket to Ride
31.7%
Album Song % Correct
Abbey RoadOctopus's Garden
31.4%
The White AlbumDear Prudence
30%
Please Please MeI Saw Her Standing There
29%
SingleDay Tripper
28.9%
The White AlbumBirthday
28.2%
Abbey RoadThe End
26.5%
Yellow SubmarineHey Bulldog
26.3%
LoveWithin You Without You / Tomorrow Never Knows
26.2%
Abbey RoadI Want You (She's So Heavy)
25.7%
Please Please MeBoys
23.9%
Let it BeDig a Pony
23%
Sgt. Pepper'sGetting Better
22.5%
RevolverAnd Your Bird Can Sing
22.1%
Let it BeI Me Mine
22.1%
SingleI Feel Fine
21.3%
SingleDon't Let Me Down
20.5%
Please Please MeDo You Want to Know a Secret
20%
Sgt. Pepper'sGood Morning Good Morning
19.3%
Rubber SoulI'm Looking Through You
16.6%
Let it BeI've Got a Feeling
15.1%
With the BeatlesI Wanna Be Your Man
14.7%
Rubber SoulIf I Needed Someone
13.6%

From the Vault

3-D Science Facts

by samc67

Science 6m
This quiz is in a whole other dimension.
Remove Ads.
Support Sporcle.
Get the best of Sporcle when you Go Orange. This ad-free experience offers more features, more stats, and more fun while also helping to support Sporcle. Thank you for becoming a member.

Show Comments

Extras

Top Quizzes Today


Score Distribution

Your Account Isn't Verified!

In order to create a playlist on Sporcle, you need to verify the email address you used during registration. Go to your Sporcle Settings to finish the process.

Report this User

Report this user for behavior that violates our Community Guidelines.

Details: